Geoinformační systémy : návody ke cvičením v systému ArcGIS /

Hlavní autor: Klimánek, Martin, 1977-
Korporativní autor: Mendelova zemědělská a lesnická univerzita. Lesnická a dřevařská fakulta
Jazyk: Čeština
Vydáno: Brno : Mendelova zemědělská a lesnická univerzita v Brně, 2008
Vydání: Vyd. 1.
Témata:
Externí odkaz: Digitalizovaný dokument
Fyzický popis: 66 s. : il., mapy ; 30 cm
Knihy
Uloženo v:
LEADER 02424nam a2200529 a 4500
001 nkc20081822591
003 CZ PrNK
005 20081211152730.0
007 ta
008 081006s2008 xr ab e p 001 0 cze
015 |a cnb001822591 
020 |a 978-80-7375-211-8  |q (brož.) 
035 |a (OCoLC)276818063 
040 |a BOA001  |b cze  |d ABA001 
072 7 |a 004.9  |x Speciální počítačové metody. Počítačová grafika  |2 Konspekt  |9 23 
072 7 |a 37.016  |x Učební osnovy. Vyučovací předměty. Učebnice  |2 Konspekt  |9 22 
080 |a 004.9:91  |2 MRF 
080 |a 004.42ArcGIS  |2 MRF 
080 |a (075.8)  |2 MRF 
080 |a (076.5)  |2 MRF 
100 1 |a Klimánek, Martin,  |d 1977-  |7 mzk2006363689  |4 aut 
245 1 0 |a Geoinformační systémy :  |b návody ke cvičením v systému ArcGIS /  |c Martin Klimánek a kol. 
250 |a Vyd. 1. 
260 |a Brno :  |b Mendelova zemědělská a lesnická univerzita v Brně,  |c 2008 
300 |a 66 s. :  |b il., mapy ;  |c 30 cm 
500 |a Na obálce nad názvem: Mendelova zemědělská a lesnická univerzita v Brně, Lesnická a dřevařská fakulta 
500 |a Terminologický slovník 
500 |a 180 výt. 
504 |a Obsahuje bibliografii a rejstřík 
650 0 7 |a geografické informační systémy  |7 ph114617  |2 czenas 
650 0 7 |a ArcGIS (informační systém)  |7 ph486102  |2 czenas 
650 0 9 |a geographical information systems  |2 eczenas 
650 0 9 |a ArcGIS  |2 eczenas 
655 7 |a učebnice vysokých škol  |7 fd133772  |2 czenas 
655 7 |a praktická cvičení  |7 fd133118  |2 czenas 
655 9 |a textbooks (higher)  |2 eczenas 
655 9 |a problems, exercises, etc  |2 eczenas 
710 2 |a Mendelova zemědělská a lesnická univerzita.  |b Lesnická a dřevařská fakulta  |7 ko2001100079 
856 4 1 |u http://www.digitalniknihovna.cz/mzk/uuid/uuid:9bf08f70-be48-11ed-9eb6-005056827e52  |y Digitalizovaný dokument  |x NDK 
910 2 |a BOA001  |b 3-1211.922 
990 |a BK 
995 |a 01 
991 |b 200810  |c NOV 
996 6 |b 2610356114  |c 3-1211.922  |l MZK  |r Sklad / do 1 hodiny  |n 4  |p p.v.  |w 000915258  |u 000010  |a 1  |e BOA001  |j MZK50  |s P 
996 7 |b 2610356115  |c 3-1211.922  |l MZK  |r Sklad / do 1 hodiny  |n 33  |p p.v.  |w 000915258  |u 000020  |a 1  |e BOA001  |j MZK50  |s A 
996 7 |b 2610357796  |c 3-1211.922  |l MZK  |r Sklad / do 1 hodiny  |n 20  |p kup  |w 000915258  |u 000030  |a 1  |e BOA001  |j MZK50  |s A 
996 7 |b 2610357797  |c 3-1211.922  |l MZK  |r Sklad / do 1 hodiny  |n 18  |p kup  |w 000915258  |u 000040  |a 1  |e BOA001  |j MZK50  |s A